[Event "Hastings Weekend Open 2024/25"]
[Site "Hastings"]
[Date "2025.01.05"]
[Round "4.1"]
[White "Mikalajunas, Kajus"]
[Black "Liu, Tianyi (Jack)"]
[Result "1/2-1/2"]
[WhiteElo "1975"]
[BlackElo "2180"]
[PlyCount "198"]
[EventDate "2025.01.03"]
[EventType "swiss"]
[EventRounds "5"]
[EventCountry "ENG"]
[SourceTitle "BritBase"]
[Source "John Saunders"]
[SourceDate "2025.01.10"]
[SourceVersion "1"]
[SourceVersionDate "2025.01.10"]
[SourceQuality "1"]

1. Nf3 Nf6 2. g3 g6 3. Bg2 Bg7 4. O-O O-O 5. c4 d5 6. cxd5 Nxd5 7. d4 Nb6 8. e4 Bg4 9. d5 Qd7 10. Nc3 c6 11. Bf4 cxd5 12. exd5 Na6 13. Re1 Rfe8 14. Be5 Bxf3 15. Qxf3 Bxe5 16. Rxe5 Nc4 17. Re2 Nd6 18. Rae1 Rac8 19. h4 Rc7 20. Kh2 Qf5 21. Ne4 Qxf3 22. Bxf3 Nxe4 23. Rxe4 Nc5 24. R4e3 Rd7 25. b4 Na6 26. a3 Nc7 27. d6 Ne6 28. dxe7 Rdxe7 29. g4 h6 30. Kg3 Kf8 31. Bd5 Nd8 32. Rxe7 Rxe7 33. Rc1 Rd7 34. Be4 Kg7 35. Kf4 Kf6 36. Ke3 Ne6 37. f4 b6 38. Rc6 Rc7 39. Rd6 Rc3+ 40. Rd3 Rc1 41. f5 gxf5 42. Bxf5 Rh1 43. Bxe6 Kxe6 44. Kf4 Rxh4 45. Kg3 Rh1 46. Re3+ Kf6 47. Rf3+ Kg6 48. Kf4 Rh4 49. Kg3 Rh1 50. Kf4 Re1 51. Rc3 Re7 52. Rc6+ Kg7 53. Rc3 Rd7 54. Kf5 Rd5+ 55. Ke4 Rg5 56. Kf4 a5 57. Rc6 axb4 58. Rxb6 bxa3 59. Ra6 Rg6 60. Rxa3 Rb6 61. Kf5 Rb5+ 62. Kf4 Kg6 63. Ra6+ f6 64. Ra8 h5 65. gxh5+ Rxh5 66. Kg4 Rg5+ 67. Kf4 Rb5 68. Rg8+ Kf7 69. Ra8 Re5 70. Rb8 Rd5 71. Ra8 Rd1 72. Kf5 Rf1+ 73. Ke4 Kg6 74. Rg8+ Kf7 75. Ra8 Kg7 76. Rb8 Re1+ 77. Kf5 Re7 78. Ra8 Kf7 79. Rb8 Re5+ 80. Kf4 Re8 81. Rxe8 Kxe8 82. Kf5 Kf7 83. Kf4 Kg6 84. Kg4 f5+ 85. Kf4 Kf6 86. Kf3 Ke5 87. Ke3 f4+ 88. Kf3 Kf5 89. Kf2 Kg4 90. Kg2 f3+ 91. Kf2 Kf4 92. Kf1 Ke4 93. Kf2 Kf4 94. Kf1 Kg3 95. Kg1 Kh3 96. Kf2 Kg4 97. Kf1 Kg3 98. Kg1 f2+ 99. Kf1 Kf3 1/2-1/2

[Event "Hastings Weekend Open 2024/25"]
[Site "Hastings"]
[Date "2025.01.05"]
[Round "4.2"]
[White "Venkataramanan, T.S."]
[Black "Patel, Zain"]
[Result "1/2-1/2"]
[WhiteElo "2215"]
[BlackElo "2113"]
[PlyCount "62"]
[EventDate "2025.01.03"]
[EventType "swiss"]
[EventRounds "5"]
[EventCountry "ENG"]
[SourceTitle "BritBase"]
[Source "John Saunders"]
[SourceDate "2025.01.10"]
[SourceVersion "1"]
[SourceVersionDate "2025.01.10"]
[SourceQuality "1"]

1. e4 e5 2. Nf3 Nc6 3. Bb5 Nge7 4. O-O Ng6 5. c3 a6 6. Bc4 Be7 7. d4 d6 8. Na3 O-O 9. Be3 Kh8 10. dxe5 Ncxe5 11. Nxe5 Nxe5 12. Be2 f5 13. exf5 Bxf5 14. Nc2 Nc6 15. f4 d5 16. Bf3 Bf6 17. Bc5 Be7 18. Bxe7 Qxe7 19. Re1 Bxc2 20. Qxc2 Qc5+ 21. Kh1 Rxf4 22. Qb3 Raf8 23. Qxb7 Qd6 24. Qxa6 Rh4 25. h3 Qg3 26. Bxd5 Rxh3+ 27. gxh3 Qxh3+ 28. Kg1 Qg3+ 29. Bg2 Qf2+ 30. Kh1 Qh4+ 31. Kg1 Qf2+ 1/2-1/2

[Event "Hastings Weekend Open 2024/25"]
[Site "Hastings"]
[Date "2025.01.05"]
[Round "4.3"]
[White "Adams, Henry"]
[Black "Keely, Leo A"]
[Result "0-1"]
[WhiteElo "2017"]
[BlackElo "1899"]
[PlyCount "68"]
[EventDate "2025.01.03"]
[EventType "swiss"]
[EventRounds "5"]
[EventCountry "ENG"]
[SourceTitle "BritBase"]
[Source "John Saunders"]
[SourceDate "2025.01.10"]
[SourceVersion "1"]
[SourceVersionDate "2025.01.10"]
[SourceQuality "1"]

1. d4 Nf6 2. c4 g6 3. Nc3 Bg7 4. e4 d6 5. h3 O-O 6. Be3 c5 7. d5 e6 8. Nf3 exd5 9. cxd5 Re8 10. Nd2 Nxe4 11. Ncxe4 f5 12. Bb5 fxe4 13. Bxe8 Qxe8 14. Qc2 Na6 15. Qxe4 Bf5 16. Qxe8+ Rxe8 17. Nc4 Rd8 18. Bf4 b5 19. Nxd6 Bxb2 20. Rd1 Bc2 21. O-O Bxd1 22. Rxd1 c4 23. Nxb5 c3 24. d6 c2 25. Rf1 Nb4 26. Bc1 Bf6 27. Bd2 Nxa2 28. Na3 Rxd6 29. Bf4 Rc6 30. Bc1 Be7 31. Nb5 Nxc1 32. Rxc1 Bg5 33. Nd4 Bxc1 34. Nxc6 Bd2 0-1

[Event "Hastings Weekend Open 2024/25"]
[Site "Hastings"]
[Date "2025.01.05"]
[Round "4.4"]
[White "Alcindor, Samuel"]
[Black "Freeland, Alex"]
[Result "1-0"]
[WhiteElo "1927"]
[BlackElo "2040"]
[PlyCount "76"]
[EventDate "2025.01.03"]
[EventType "swiss"]
[EventRounds "5"]
[EventCountry "ENG"]
[SourceTitle "BritBase"]
[Source "John Saunders"]
[SourceDate "2025.01.10"]
[SourceVersion "1"]
[SourceVersionDate "2025.01.10"]
[SourceQuality "1"]

1. e4 e6 2. c4 d5 3. cxd5 exd5 4. exd5 Nf6 5. Bb5+ Bd7 6. Bc4 Qe7+ 7. Ne2 Qc5 8. Bb3 Nxd5 9. d4 Qd6 10. Nbc3 Be6 11. O-O c6 12. f4 Be7 13. Ng3 Nxc3 14. bxc3 O-O 15. f5 Bxb3 16. Qxb3 b6 17. f6 Bxf6 18. Ne4 Bxd4+ 19. cxd4 Qxd4+ 20. Nf2 Qxa1 21. Bb2 Qxf1+ 22. Kxf1 Nd7 23. Qc3 f6 24. Qxc6 Nc5 25. Ba3 Rac8 26. Qd5+ Kh8 27. Ne4 Rfd8 28. Nd6 Rd7 29. Bxc5 bxc5 30. Nf7+ Rxf7 31. Qxf7 h6 32. Qxa7 c4 33. Qa6 Rc5 34. Qa3 Rc7 35. Qc3 Kg8 36. Ke2 Kf7 37. a4 Ke6 38. Qg3 Ra7 1-0

[Event "Hastings Weekend Open 2024/25"]
[Site "Hastings"]
[Date "2025.01.05"]
[Round "4.5"]
[White "Ashton, Alannah"]
[Black "Gosling, Marcus"]
[Result "1/2-1/2"]
[WhiteElo "1953"]
[BlackElo "1930"]
[PlyCount "77"]
[EventDate "2025.01.03"]
[EventType "swiss"]
[EventRounds "5"]
[EventCountry "ENG"]
[SourceTitle "BritBase"]
[Source "John Saunders"]
[SourceDate "2025.01.10"]
[SourceVersion "1"]
[SourceVersionDate "2025.01.10"]
[SourceQuality "1"]

1. e4 c6 2. d4 d5 3. e5 Bf5 4. h4 h5 5. Bd3 Bxd3 6. Qxd3 Qa5+ 7. Nd2 e6 8. Ngf3 Qa6 9. c4 Ne7 10. O-O Nf5 11. b3 Be7 12. g3 b6 13. Qb1 O-O 14. Bb2 Rd8 15. cxd5 Rxd5 16. Ne4 Qe2 17. Nfg5 Rd8 18. Re1 Qb5 19. Qd1 g6 20. Qf3 Kg7 21. Red1 Qd5 22. Qf4 Nd7 23. Nc3 Bxg5 24. hxg5 Qa5 25. a3 Rac8 26. b4 Qa6 27. Ne4 Qe2 28. Rd2 Qg4 29. Qxg4 hxg4 30. b5 cxb5 31. Rad1 Rc4 32. d5 Rxe4 33. dxe6 fxe6 34. Rxd7+ Rxd7 35. Rxd7+ Kf8 36. Rxa7 Re1+ 37. Kg2 Ne3+ 38. fxe3 Re2+ 39. Kf1 1/2-1/2

[Event "Hastings Weekend Open 2024/25"]
[Site "Hastings"]
[Date "2025.01.05"]
[Round "4.6"]
[White "Yu, Rock"]
[Black "Plotnikov, Dmytro"]
[Result "1-0"]
[WhiteElo "1952"]
[BlackElo "1720"]
[PlyCount "97"]
[EventDate "2025.01.03"]
[EventType "swiss"]
[EventRounds "5"]
[EventCountry "ENG"]
[SourceTitle "BritBase"]
[Source "John Saunders"]
[SourceDate "2025.01.10"]
[SourceVersion "1"]
[SourceVersionDate "2025.01.10"]
[SourceQuality "1"]

1. c4 Nf6 2. Nc3 c5 3. Nf3 g6 4. d4 cxd4 5. Nxd4 Bg7 6. e4 d6 7. f3 Nc6 8. Be3 O-O 9. Be2 Bd7 10. Qd2 Rc8 11. O-O Ne5 12. b3 a6 13. Rac1 Re8 14. Rfd1 Qa5 15. Bf1 h5 16. Qe1 Rb8 17. a4 Rbc8 18. Nc2 Qc7 19. Nb4 e6 20. Qf2 Bc6 21. Bb6 Qe7 22. c5 dxc5 23. Bxc5 Qc7 24. Bd6 Qa5 25. Nxa6 Neg4 26. fxg4 bxa6 27. b4 Qg5 28. Bf4 Nxg4 29. Bxg5 Nxf2 30. Kxf2 Bxc3 31. Rxc3 Bxa4 32. Rxc8 Rxc8 33. Rd8+ Rxd8 34. Bxd8 Bc6 35. Bxa6 Bxe4 36. b5 Kf8 37. b6 Ke8 38. Bf6 Kd7 39. b7 Bxb7 40. Bxb7 Kd6 41. Ke3 Kc7 42. Bf3 Kd7 43. Kf4 Kd6 44. Be5+ Ke7 45. Kg5 Ke8 46. Kf6 Kf8 47. Bd6+ Kg8 48. Bc6 h4 49. Be8 1-0

[Event "Hastings Weekend Open 2024/25"]
[Site "Hastings"]
[Date "2025.01.05"]
[Round "4.7"]
[White "Batchelor, Paul A"]
[Black "Kim, Yegeon"]
[Result "1-0"]
[WhiteElo "1933"]
[BlackElo "1697"]
[PlyCount "67"]
[EventDate "2025.01.03"]
[EventType "swiss"]
[EventRounds "5"]
[EventCountry "ENG"]
[SourceTitle "BritBase"]
[Source "John Saunders"]
[SourceDate "2025.01.10"]
[SourceVersion "1"]
[SourceVersionDate "2025.01.10"]
[SourceQuality "1"]

1. d4 Nf6 2. c4 e6 3. Nc3 Bb4 4. f3 c5 5. d5 b5 6. e4 d6 7. Bd2 a6 8. a3 Ba5 9. Nge2 exd5 10. cxd5 Nbd7 11. Ng3 Ne5 12. Be2 h5 13. O-O c4 14. Be3 Bb6 15. Qd2 Nfd7 16. Nf5 Nc5 17. Nd4 Bd7 18. Kh1 Kf8 19. Bg1 g6 20. Rad1 Kg7 21. Be3 Qc7 22. Bg1 Rab8 23. Be3 Ba7 24. f4 Ng4 25. Bg1 Rbe8 26. Bf3 Nf6 27. Rfe1 Re7 28. e5 Ne8 29. e6 fxe6 30. dxe6 Bxe6 31. Nxe6+ Rxe6 32. Qd4+ Rf6 33. Nd5 Qf7 34. Re7 1-0

[Event "Hastings Weekend Open 2024/25"]
[Site "Hastings"]
[Date "2025.01.05"]
[Round "4.8"]
[White "Wilson, Matthew R"]
[Black "Karangad, Mohit"]
[Result "1-0"]
[WhiteElo "1772"]
[BlackElo "1817"]
[PlyCount "79"]
[EventDate "2025.01.03"]
[EventType "swiss"]
[EventRounds "5"]
[EventCountry "ENG"]
[SourceTitle "BritBase"]
[Source "John Saunders"]
[SourceDate "2025.01.10"]
[SourceVersion "1"]
[SourceVersionDate "2025.01.10"]
[SourceQuality "1"]

1. e4 c5 2. Nf3 d6 3. Bb5+ Nd7 4. c3 Ngf6 5. Qe2 a6 6. Ba4 b5 7. Bc2 Bb7 8. d4 e5 9. d5 h6 10. b3 Be7 11. O-O O-O 12. Re1 Nh7 13. c4 Ng5 14. Nbd2 b4 15. Nf1 Nxf3+ 16. Qxf3 Bg5 17. Ne3 Bxe3 18. Bxe3 a5 19. Qg3 Qf6 20. Kh1 Rfe8 21. Bd1 Nf8 22. Bg4 a4 23. Rab1 axb3 24. axb3 Ra3 25. f4 Ng6 26. f5 Nf8 27. Bc1 Ra2 28. Re2 Ra5 29. h3 Nh7 30. Qf2 Rea8 31. Kh2 Qd8 32. Bf3 R8a7 33. h4 Qa8 34. Be3 Qf8 35. Kh3 g6 36. g4 h5 37. gxh5 gxf5 38. exf5 Bc8 39. Be4 Nf6 40. Qf3 1-0

[Event "Hastings Weekend Open 2024/25"]
[Site "Hastings"]
[Date "2025.01.05"]
[Round "4.9"]
[White "Kilambi, Venkata Ananth Aksh"]
[Black "Graham, David B"]
[Result "1/2-1/2"]
[WhiteElo "1910"]
[BlackElo "2129"]
[PlyCount "33"]
[EventDate "2025.01.03"]
[EventType "swiss"]
[EventRounds "5"]
[EventCountry "ENG"]
[SourceTitle "BritBase"]
[Source "John Saunders"]
[SourceDate "2025.01.10"]
[SourceVersion "1"]
[SourceVersionDate "2025.01.10"]
[SourceQuality "1"]

1. Nf3 Nf6 2. b3 g6 3. Bb2 Bg7 4. e3 b6 5. d4 Bb7 6. Nbd2 O-O 7. Be2 d5 8. O-O Nbd7 9. c4 c5 10. a3 Rc8 11. Rc1 e6 12. dxc5 bxc5 13. b4 Qb6 14. Bc3 Rfd8 15. Qb3 Ne4 16. Bxg7 Kxg7 17. Rfd1 1/2-1/2

[Event "Hastings Weekend Open 2024/25"]
[Site "Hastings"]
[Date "2025.01.05"]
[Round "4.10"]
[White "Kalavannan, Koby"]
[Black "Pick, Freddie"]
[Result "1-0"]
[WhiteElo "2300"]
[BlackElo "1874"]
[PlyCount "105"]
[EventDate "2025.01.03"]
[EventType "swiss"]
[EventRounds "5"]
[EventCountry "ENG"]
[SourceTitle "BritBase"]
[Source "John Saunders"]
[SourceDate "2025.01.10"]
[SourceVersion "1"]
[SourceVersionDate "2025.01.10"]
[SourceQuality "1"]

1. d4 Nf6 2. c4 g6 3. Nc3 Bg7 4. Nf3 O-O 5. g3 d6 6. Bg2 Nc6 7. O-O e5 8. dxe5 dxe5 9. Bg5 Be6 10. Qa4 h6 11. Rfd1 Nd4 12. Nxd4 exd4 13. Bxf6 Qxf6 14. Nb5 Bd7 15. Bxb7 Rae8 16. Qc2 Qb6 17. Bf3 Bf5 18. Qd2 a6 19. Nxd4 Rd8 20. c5 Qxc5 21. e3 Qb6 22. b4 Rd6 23. Rac1 Rfd8 24. a3 Kh7 25. Qa2 Bxd4 26. Rxd4 Be6 27. Rxd6 Qxd6 28. Qc2 Rd7 29. Bc6 Rd8 30. Be4 Rd7 31. h4 Kg7 32. Qc5 Qd2 33. Qc3+ Qxc3 34. Rxc3 Rd1+ 35. Kg2 Ra1 36. Bb7 h5 37. e4 Kf6 38. Bxa6 Ke5 39. Bb7 Kd4 40. Rxc7 Rxa3 41. Bd5 Bxd5 42. exd5 Ra6 43. Rc6 Ra4 44. d6 Ra8 45. d7 Rd8 46. Rc7 Kd5 47. b5 Kd6 48. b6 Rxd7 49. Rxd7+ Kxd7 50. Kf3 f6 51. Ke4 Kc6 52. b7 Kxb7 53. Kd5 1-0

[Event "Hastings Weekend Open 2024/25"]
[Site "Hastings"]
[Date "2025.01.05"]
[Round "4.11"]
[White "Zhang, Kendrick Botong"]
[Black "Freeman, Luke"]
[Result "1/2-1/2"]
[WhiteElo "1994"]
[BlackElo "1887"]
[PlyCount "71"]
[EventDate "2025.01.03"]
[EventType "swiss"]
[EventRounds "5"]
[EventCountry "ENG"]
[SourceTitle "BritBase"]
[Source "John Saunders"]
[SourceDate "2025.01.10"]
[SourceVersion "1"]
[SourceVersionDate "2025.01.10"]
[SourceQuality "1"]

1. e4 c5 2. Nf3 g6 3. d4 cxd4 4. Nxd4 Bg7 5. Nc3 Nc6 6. Be3 Nf6 7. Bc4 Qa5 8. O-O O-O 9. h3 d6 10. Re1 Bd7 11. Nb3 Qc7 12. Bf1 Rfd8 13. a4 Ne5 14. Bd4 Bc6 15. f4 Ned7 16. Nd5 Bxd5 17. exd5 Nc5 18. c4 Nxb3 19. Qxb3 Nh5 20. Bxg7 Nxg7 21. Qe3 Nf5 22. Qf2 Re8 23. Bd3 Ng7 24. Rad1 Qa5 25. b3 b6 26. Re3 Qc5 27. Rde1 e6 28. Be4 exd5 29. Bxd5 Rxe3 30. Rxe3 Re8 31. Rxe8+ Nxe8 32. Kf1 Qxf2+ 33. Kxf2 Nc7 34. Bc6 Kf8 35. Ke3 Ke7 36. g3 1/2-1/2

[Event "Hastings Weekend Open 2024/25"]
[Site "Hastings"]
[Date "2025.01.05"]
[Round "4.12"]
[White "Suez-Panama, Gilles"]
[Black "Kim, Taewoo A"]
[Result "1-0"]
[WhiteElo "1979"]
[BlackElo "1852"]
[PlyCount "59"]
[EventDate "2025.01.03"]
[EventType "swiss"]
[EventRounds "5"]
[EventCountry "ENG"]
[SourceTitle "BritBase"]
[Source "John Saunders"]
[SourceDate "2025.01.10"]
[SourceVersion "1"]
[SourceVersionDate "2025.01.10"]
[SourceQuality "1"]

1. Nf3 d5 2. b3 Bg4 3. Ne5 Bf5 4. d4 f6 5. Nd3 e6 6. Bb2 Bd6 7. c4 c6 8. Nd2 Ne7 9. e3 Nd7 10. f4 h5 11. g3 Bg6 12. Qe2 a5 13. Bh3 Bf5 14. Bg2 Bg6 15. e4 O-O 16. O-O dxe4 17. Nxe4 Bb8 18. Nec5 Bxd3 19. Qxe6+ Rf7 20. Nxd3 Nf8 21. Qe4 a4 22. Nc5 a3 23. Bc3 b6 24. Nd3 Qd7 25. Rad1 h4 26. Nb4 hxg3 27. hxg3 Ra5 28. Nxc6 Rh5 29. Nxb8 Qg4 30. Qf3 1-0

[Event "Hastings Weekend Open 2024/25"]
[Site "Hastings"]
[Date "2025.01.05"]
[Round "4.13"]
[White "Ponting, Andrew"]
[Black "Waterfield, Mark"]
[Result "1-0"]
[WhiteElo "1923"]
[BlackElo "1842"]
[PlyCount "87"]
[EventDate "2025.01.03"]
[EventType "swiss"]
[EventRounds "5"]
[EventCountry "ENG"]
[SourceTitle "BritBase"]
[Source "John Saunders"]
[SourceDate "2025.01.10"]
[SourceVersion "1"]
[SourceVersionDate "2025.01.10"]
[SourceQuality "1"]

1. d4 d5 2. Nc3 Nf6 3. Bg5 Ne4 4. Nxe4 dxe4 5. Qd2 Bf5 6. O-O-O Qd5 7. Kb1 Nc6 8. h4 O-O-O 9. e3 f6 10. Bf4 e5 11. Bh2 exd4 12. Ne2 d3 13. cxd3 Qxd3+ 14. Qxd3 Rxd3 15. Rc1 Bd6 16. Nc3 Rd2 17. g4 Bxg4 18. Nxe4 Bf5 19. Bh3 Rxb2+ 20. Kxb2 Bxh3 21. Nxd6+ cxd6 22. Bxd6 Bf5 23. Rhg1 Rd8 24. Rgd1 Bg4 25. Rd4 h5 26. e4 Kd7 27. Rd2 Ke6 28. Bb4 Rg8 29. Ba3 g5 30. Rc3 gxh4 31. f3 Bh3 32. Rcc2 Ne5 33. f4 Nf3 34. Rd6+ Kf7 35. Rc7+ Kg6 36. e5 Kf5 37. Rxf6+ Ke4 38. e6 Bf5 39. e7 Re8 40. Rc4+ Kd5 41. Rc5+ Ke4 42. Rcxf5 h3 43. Rxh5 h2 44. Rf8 1-0

[Event "Hastings Weekend Open 2024/25"]
[Site "Hastings"]
[Date "2025.01.05"]
[Round "4.14"]
[White "Graham, Oliver"]
[Black "Barantsev, Oleg"]
[Result "0-1"]
[WhiteElo "1789"]
[BlackElo "1917"]
[PlyCount "68"]
[EventDate "2025.01.03"]
[EventType "swiss"]
[EventRounds "5"]
[EventCountry "ENG"]
[SourceTitle "BritBase"]
[Source "John Saunders"]
[SourceDate "2025.01.10"]
[SourceVersion "1"]
[SourceVersionDate "2025.01.10"]
[SourceQuality "1"]

1. e4 c5 2. Nc3 Nc6 3. Nf3 e5 4. Nd5 Be7 5. d3 Nf6 6. Nxe7 Qxe7 7. Bg5 h6 8. Be3 d5 9. exd5 Nxd5 10. Bd2 f5 11. c3 Be6 12. h4 O-O-O 13. Qc2 Rhe8 14. O-O-O Qf6 15. g3 Bf7 16. Bg2 Kb8 17. Rhf1 Bg6 18. Ne1 Bh5 19. Bf3 Bf7 20. Ng2 Qe6 21. Rfe1 Ndb4 22. cxb4 Nd4 23. Qa4 Nxf3 24. Re3 Nxd2 25. Rxd2 cxb4 26. Qxb4 Qc6+ 27. Rc2 Qxg2 28. b3 Qd5 29. Rc5 Rc8 30. Rxc8+ Rxc8+ 31. Kd2 Qc5 32. Qa4 Qc1+ 33. Ke2 Rc2+ 34. Kf3 Qh1# 0-1

[Event "Hastings Weekend Open 2024/25"]
[Site "Hastings"]
[Date "2025.01.05"]
[Round "4.15"]
[White "Chapman, Luke"]
[Black "Gorskovs, Andrejs"]
[Result "1-0"]
[WhiteElo "1766"]
[BlackElo "1863"]
[PlyCount "79"]
[EventDate "2025.01.03"]
[EventType "swiss"]
[EventRounds "5"]
[EventCountry "ENG"]
[SourceTitle "BritBase"]
[Source "John Saunders"]
[SourceDate "2025.01.10"]
[SourceVersion "1"]
[SourceVersionDate "2025.01.10"]
[SourceQuality "1"]

1. e4 e5 2. Nc3 Nf6 3. d4 exd4 4. Qxd4 Nc6 5. Qd3 Bb4 6. Bd2 O-O 7. O-O-O Re8 8. f3 a5 9. a3 Bc5 10. Bg5 h6 11. Bxf6 Qxf6 12. Nd5 Qd8 13. Qc3 d6 14. Ne2 Ne7 15. Nef4 Nxd5 16. Rxd5 c6 17. Nh5 f6 18. Rd2 Be6 19. Bc4 Qd7 20. Nf4 Bf7 21. Rhd1 b5 22. Bxb5 Bb4 23. Qxc6 Bxd2+ 24. Rxd2 Qa7 25. Nd5 Qg1+ 26. Rd1 Qxg2 27. Nc7 Rec8 28. Bc4 Kh8 29. Qd7 Bxc4 30. Nxa8 Rxa8 31. Qc6 Rd8 32. Qxc4 Qxf3 33. Kd2 d5 34. Qc7 Re8 35. Qg3 Qxe4 36. Re1 Qxe1+ 37. Qxe1 Rxe1 38. Kxe1 Kg8 39. b4 axb4 40. a4 1-0

[Event "Hastings Weekend Open 2024/25"]
[Site "Hastings"]
[Date "2025.01.05"]
[Round "4.16"]
[White "Taylor, Zebadiah"]
[Black "Flynn, David"]
[Result "0-1"]
[WhiteElo "1636"]
[BlackElo "1846"]
[PlyCount "74"]
[EventDate "2025.01.03"]
[EventType "swiss"]
[EventRounds "5"]
[EventCountry "ENG"]
[SourceTitle "BritBase"]
[Source "John Saunders"]
[SourceDate "2025.01.10"]
[SourceVersion "1"]
[SourceVersionDate "2025.01.10"]
[SourceQuality "1"]

1. e4 c5 2. c3 Nf6 3. e5 Nd5 4. d4 cxd4 5. cxd4 d6 6. f4 Nc6 7. Nf3 Bf5 8. Nc3 Ndb4 9. Kf2 Nc2 10. Be3 Nxa1 11. Qxa1 e6 12. Qd1 d5 13. h3 h5 14. Bd3 Bxd3 15. Qxd3 g6 16. Ng5 Be7 17. a3 a6 18. h4 Bxg5 19. fxg5 Ne7 20. Na4 Qa5 21. Nc5 Nf5 22. Qb3 b6 23. Nb7 Qb5 24. Qxb5+ axb5 25. Rc1 Kd7 26. Rc3 Rhc8 27. Bc1 Rab8 28. Nd6 Nxd6 29. exd6 Rxc3 30. bxc3 Rc8 31. Bb2 Kxd6 32. Ke3 e5 33. dxe5+ Ke6 34. c4 Rxc4 35. g3 Re4+ 36. Kf3 Rxe5 37. Bxe5 Kxe5 0-1

[Event "Hastings Weekend Open 2024/25"]
[Site "Hastings"]
[Date "2025.01.05"]
[Round "4.17"]
[White "Lee, Jungsoo"]
[Black "Kendall, Arthur"]
[Result "1-0"]
[WhiteElo "1705"]
[BlackElo "1841"]
[PlyCount "57"]
[EventDate "2025.01.03"]
[EventType "swiss"]
[EventRounds "5"]
[EventCountry "ENG"]
[SourceTitle "BritBase"]
[Source "John Saunders"]
[SourceDate "2025.01.10"]
[SourceVersion "1"]
[SourceVersionDate "2025.01.10"]
[SourceQuality "1"]

1. e4 e6 2. d4 d5 3. Nc3 Nf6 4. Bg5 Bb4 5. e5 h6 6. Be3 Ne4 7. Qg4 Kf8 8. a3 Bxc3+ 9. bxc3 c5 10. Bd3 Nxc3 11. dxc5 Nc6 12. Nf3 Qa5 13. O-O Qa4 14. Qh5 Bd7 15. Nh4 d4 16. Bd2 Qa5 17. Rae1 Qxc5 18. f4 Ke8 19. f5 Qe7 20. Bc4 Nd8 21. Qg4 Rh7 22. f6 Qf8 23. Qxd4 Nb5 24. Bxb5 Bxb5 25. c4 Bd7 26. Bb4 Qg8 27. Rd1 Ba4 28. Qd6 gxf6 29. Qe7# 1-0

[Event "Hastings Weekend Open 2024/25"]
[Site "Hastings"]
[Date "2025.01.05"]
[Round "4.18"]
[White "Lesniowski, Paul"]
[Black "Lee, Younggyu"]
[Result "1-0"]
[WhiteElo "1874"]
[BlackElo "1722"]
[PlyCount "59"]
[EventDate "2025.01.03"]
[EventType "swiss"]
[EventRounds "5"]
[EventCountry "ENG"]
[SourceTitle "BritBase"]
[Source "John Saunders"]
[SourceDate "2025.01.10"]
[SourceVersion "1"]
[SourceVersionDate "2025.01.10"]
[SourceQuality "1"]

1. e4 e5 2. Nf3 Nc6 3. d4 exd4 4. Nxd4 Nf6 5. Nxc6 bxc6 6. e5 Qe7 7. Qe2 Nd5 8. c4 Nb6 9. Nd2 g6 10. Nf3 Bg7 11. Bg5 Qb4+ 12. Qd2 a5 13. Bd3 O-O 14. O-O Qxd2 15. Bxd2 Na4 16. Rab1 Nc5 17. Bc2 Re8 18. Rfe1 Ne6 19. Bc3 c5 20. Rbd1 Nf8 21. Nd2 d6 22. Ne4 dxe5 23. Nxc5 Ne6 24. Ba4 Re7 25. Bc6 Rb8 26. Nb3 a4 27. Bxa4 Ba6 28. Na5 Bb7 29. Bc6 Ba6 30. a3 1-0

[Event "Hastings Weekend Open 2024/25"]
[Site "Hastings"]
[Date "2025.01.05"]
[Round "4.19"]
[White "Gartside, Carl"]
[Black "Butt, Laurence"]
[Result "1-0"]
[WhiteElo "1810"]
[BlackElo "1818"]
[PlyCount "163"]
[EventDate "2025.01.03"]
[EventType "swiss"]
[EventRounds "5"]
[EventCountry "ENG"]
[SourceTitle "BritBase"]
[Source "John Saunders"]
[SourceDate "2025.01.10"]
[SourceVersion "1"]
[SourceVersionDate "2025.01.10"]
[SourceQuality "1"]

1. e4 c5 2. Nf3 Nc6 3. d4 cxd4 4. Nxd4 g6 5. Nxc6 bxc6 6. Qd4 f6 7. Bc4 Qb6 8. Qd3 e6 9. Nc3 Bh6 10. O-O Bxc1 11. Raxc1 Ne7 12. Kh1 O-O 13. f4 d5 14. Na4 Qa5 15. Bb3 Ba6 16. c4 Rad8 17. Qc3 Qxc3 18. Rxc3 dxc4 19. Bxc4 Bxc4 20. Rxc4 Rd2 21. Rb4 a5 22. Rb7 Nc8 23. Rc1 Rfd8 24. h3 Nd6 25. Ra7 Rd4 26. Rxa5 Rxe4 27. Rxc6 Rxf4 28. Nc5 Rf1+ 29. Kh2 e5 30. Ra7 Ne8 31. Ne6 Rd6 32. Rxd6 Nxd6 33. Rg7+ Kh8 34. Rd7 Kg8 35. Rxd6 Kf7 36. Nc5 f5 37. Rd7+ Kf6 38. Rxh7 e4 39. Rh8 Rf2 40. Rb8 Ke5 41. Kg1 Rc2 42. Rb5 Kf4 43. Ne6+ Ke3 44. Rb3+ Kd2 45. Nd4 Rc4 46. Nf3+ Ke2 47. Ne5 Rc1+ 48. Kh2 e3 49. Nxg6 Rc4 50. Ne5 Re4 51. Nf3 Kf2 52. Rb5 f4 53. b3 Re8 54. Rb4 Rg8 55. Rxf4 Rxg2+ 56. Kh1 Rg8 57. Nd4+ Ke1 58. Nc2+ Kd2 59. Nxe3 Kxe3 60. Rg4 Ra8 61. a4 Kf3 62. Rc4 Rd8 63. Rc3+ Kf2 64. Kh2 Rg8 65. Rc2+ Kf3 66. a5 Rb8 67. Rb2 Ra8 68. b4 Ra7 69. Rb3+ Kf4 70. Kg2 Ra6 71. Kf2 Ra8 72. Ke2 Ke4 73. Kd2 Kd4 74. Kc2 Kc4 75. Kb2 Kb5 76. Ka3 Rh8 77. Rg3 Rh5 78. Rc3 Rh4 79. Rc5+ Ka6 80. Ka4 Rxh3 81. b5+ Kb7 82. a6+ 1-0

[Event "Hastings Weekend Open 2024/25"]
[Site "Hastings"]
[Date "2025.01.05"]
[Round "4.20"]
[White "Rastogi, Nayan Keats"]
[Black "Lawrence-Cade, Jack"]
[Result "1-0"]
[WhiteElo "1873"]
[BlackElo "1716"]
[PlyCount "45"]
[EventDate "2025.01.03"]
[EventType "swiss"]
[EventRounds "5"]
[EventCountry "ENG"]
[SourceTitle "BritBase"]
[Source "John Saunders"]
[SourceDate "2025.01.10"]
[SourceVersion "1"]
[SourceVersionDate "2025.01.10"]
[SourceQuality "1"]

1. e4 c5 2. c3 d5 3. exd5 Qxd5 4. d4 Nf6 5. Nf3 Bg4 6. dxc5 Qxc5 7. Be3 Qc7 8. Na3 a6 9. Nc4 Nbd7 10. Qb3 b5 11. Ncd2 g6 12. Ng5 e6 13. h3 Bf5 14. g4 Qc6 15. gxf5 Qxh1 16. fxe6 fxe6 17. Qxe6+ Be7 18. Qf7+ Kd8 19. Ne6+ Kc8 20. Qxe7 Re8 21. Qd6 Qb7 22. Bg2 Qb8 23. Qc6+ 1-0